000 00543cam a22002171 4500
001 sa 64005360
003 DLC
005 20260227112032.0
008 920106m19629999ii c 000 0cmalo
010 _asa 64005360
035 _a(OCoLC)25056025
040 _aDLC
_cWaU
_dDLC
042 _apremarc
050 0 0 _aPL4718.1
_b.P3
100 2 _aParameswaran Pillai, Erumeli,
_d1931-
245 1 0 _aKēraḷattile el̲uttukār.
260 _c[1962-
300 _av.
_bports.
_c18 cm.
500 _aIn Malayalam.
650 0 _aAuthors, Kannada.
999 _c59078
_d59078